Directory of Indian publishers and distributors 1994 (Record no. 40759)
[ view plain ]
| 000 -LEADER | |
|---|---|
| fixed length control field | 00294nam a2200097Ia 4500 |
| 082 ## - DEWEY DECIMAL CLASSIFICATION NUMBER | |
| Classification number | 017.41(036)(540) |
| Item number | DIR |
| 245 #0 - TITLE STATEMENT | |
| Title | Directory of Indian publishers and distributors 1994 |
| 260 ## - PUBLICATION, DISTRIBUTION, ETC. (IMPRINT) | |
| Place of publication | Varanasi |
| Name of publisher | Indian Bibliographic Centre |
| Year of publication | 1994 |
| 942 ## - ADDED ENTRY ELEMENTS (KOHA) | |
| Koha item type | Books |
| Withdrawn status | Lost status | Damaged status | Not for loan | Home library | Current library | Date acquired | Cost, normal purchase price | Full call number | Accession Number | Koha item type |
|---|---|---|---|---|---|---|---|---|---|---|
| RRII Library | RRII Library | 16/12/2021 | 350.00 | 017.41(036)(540) DIR | 21055 | Books |